| 000 | 00444nam a2200157Ia 4500 | ||
|---|---|---|---|
| 008 | 160316s1988 xxu||||| |||| 00| 0 eng d | ||
| 082 |
_a348.046000 _bNAR-1 |
||
| 100 | _aNarayanaswamy R | ||
| 245 | _aThe quinquenial digest : Civil, criminal and revenue (1981-85). Vol.1 | ||
| 250 | _a | ||
| 260 |
_aMadras _bMadras Law Journal Office _c1988 |
||
| 300 |
_a1183p _b20 cm _c |
||
| 365 | _bRs.210 | ||
| 650 | _a1. Quinquenial digest | ||
| 700 |
_a _a |
||
| 999 |
_c2622 _d2622 |
||